Stories from lake Wobegon: advanced listening and conversation skills

Spremljeno u:
Bibliografski detalji
Glavni autori: Boyd, Frances (Autor), Quinn, David (Autor), Keillor, Garrison (Autor)
Format: Knjiga
Jezik:engleski
Izdano: Nueva York Longman 1990
Teme:
Oznake: Dodaj oznaku
Bez oznaka, Budi prvi tko označuje ovaj zapis!

MARC

LEADER 00000nam a2200000 a 4500
001 UCZ6660
003 CL-VaPUC
008 951214e19900000US |||||||||||||||||eng|d
082 0 4 |a 428  |b BOY  |2 21 
100 0 |a Boyd, Frances  |e author  |9 351090 
700 0 |a Quinn, David  |e author  |9 351091 
700 0 |a Keillor, Garrison  |e author  |9 351092 
245 1 0 |a Stories from lake Wobegon: advanced listening and conversation skills 
300 |a 184 p 
942 |c BK 
945 |d 19951214 00:00:00  |a rleighto 
260 |a Nueva York  |b Longman  |c 1990 
650 0 |a Enseñanza de idiomas  |9 339820 
650 0 |a Métodos de enseñanza  |9 270413 
583 |a last modification  |c 19951214 00:00:00  |k Rodrigo Vera 
999 |c 242852  |d 242850